00662nam a2200229 a 4500001001300000003000900013005001700022008004100039020002300080082001600103100001400119245003100133260003500164300000900199500003500208650002400243700001400267902000800281942000700289952011900296999001700415nice12345678IN_TiNIC20260116015334.0110420s2006 newa grp 000 0 eng  a0970437005 c54000a297.23bUNA aUnal, Ali aResurrection and Afterlife aNew Jersey, USA bLight c2006 a235p aincludes index and biblioraphy aEschatology-Islamic1 aUnal, Ali bSRS cBK 001040708StackRoom-aHMIbHMId2011-04-20g540.00l0o297.23 UNAp11002280r2011-04-20v540.00w2011-04-20yBK c19287d19287